000 01129nam a2200301 i 4500
001 000012669
003 DO-SdBNP
005 20241114084438.0
007 ta
008 091116s1985 dr r 000 0 spa d
040 _aDO-SdBNP
_bspa
_cBNPHU
_erda
082 4 _aRD863.44
_bP579ze
_222
100 1 _aPiña Contreras, Guillermo,
_d1952-
_eautor
_4aut.
_9315
245 1 0 _aEnriquillo :
_bel texto y la historia /
_cGuillermo Piña Contreras.
264 4 _aSanto Domingo :
_bEditora Museo Arqueológico Regional de Altos de Chavón
_bEditora Alfa y Omega,
_c1985.
300 _a164 páginas ;
_c21 cm.
336 _atexto
_btxt
_2rdacontent
337 _asin mediación
_bn
_2rdamedia
338 _avolumen
_bnc
_2rdacarrier
500 _aIncluye referencias bibliográficas y notas al pie de las páginas
504 _aBibliografías : páginas 149-159
590 _aInventariado, 2019/BT
600 1 4 _aEnriquillo
_cCacique
_d¿-1535
_914941
650 4 _aLiteratura dominicana
_xCrítica e interpretación
_9216
650 4 _aNovela histórica dominicana.
_9860
910 _aValidado. Control de calidad. MFF
942 _2ddc
_cLBS1
999 _c12320
_d12320